[Event "HUN-chT U18"]
[Site "Budapest"]
[Date "2021.10.25"]
[Round "2.24"]
[White "Toth, Barnabas1111"]
[Black "Kovacs, Reka"]
[Result "0-1"]
[WhiteElo "2057"]
[BlackElo "1663"]
[PlyCount "84"]
[EventDate "2021.10.24"]
[EventType "team-tourn"]
[EventRounds "7"]
[EventCountry "HUN"]
[SourceTitle "CBM 205 Extra"]
[Source "ChessBase"]
[SourceDate "2022.01.31"]
[SourceVersion "1"]
[SourceVersionDate "2022.01.31"]
[SourceQuality "1"]

1. d4 Nf6 2. Nf3 e6 3. g3 b6 4. Bg2 Bb7 5. 0-0 Be7 6. c4 0-0 7. Nc3 c5 8. d5 exd5 9. cxd5 d6 10. Nd2 Nbd7 11. Nc4 Ba6 12. Na3 Rb8 13. Qa4 Qc8 14. Nab5 Qb7 15. Bf4 Ne8 16. e4 Bxb5 17. Nxb5 a6 18. Nxd6 Bxd6 19. Bxd6 Nxd6 20. e5 Nxe5 21. Qf4 f6 22. Rfd1 Rbd8 23. Bh3 Rfe8 24. Be6+ Kh8 25. a4 Nf3+ 26. Kg2 Nd4 27. Bg4 Qxd5+ 28. Bf3 Qxf3+ 29. Qxf3 Nxf3 30. Kxf3 Nc4 31. b3 Nd2+ 32. Kg2 Nxb3 33. Rxd8 Rxd8 34. Re1 h6 35. h4 c4 36. Re3 Rd3 37. Re8+ Kh7 38. Rc8 c3 39. h5 Nc5 40. a5 c2 41. axb6 c1Q 42. b7 Rb3 0-1